000 00809nam a2200241 i 4500
001 28283
003 ES-MaACL
005 20250930063039.0
007 t|
008 030116s1985 sp ||||1| spa d
020 _a84-276-0675-3
100 1 _aAli Bey el Abbassi,
_d1767-1822
_919912
245 1 0 _aViajes por Marruecos /
_cAli Bey ; edición preparada por Salvador Barberá.
260 _aMadrid :
_bEditora Nacional,
_c1985.
300 _a432 p. :
_bil. ;
_c21 cm.
490 1 _aClásicos para una biblioteca contemporánea ;
_v37
500 _aIndice.
651 4 _aMarruecos-
_xDescripción.
_99025
700 1 _aBarberá, Salvador.
_925420
830 0 _aClásicos para una biblioteca contemporánea ;
_v37
_9181899
852 _aES-MaACL
_jL-8605
_bR.109023
999 _c28283
_d28283